UITU Library & LRC     

Management Information Systems: managing information technology in the e-business enterprise (Record no. 25664)

MARC details
000 -LEADER
fixed length control field 00477nam a2200169Ia 4500
008 - FIXED-LENGTH DATA ELEMENTS--GENERAL INFORMATION
fixed length control field 241115s9999 xx 000 0 und d
020 ## - INTERNATIONAL STANDARD BOOK NUMBER
International Standard Book Number 0-07-112350-4
082 ## - DEWEY DECIMAL CLASSIFICATION NUMBER
Classification number 659 OBR
100 ## - MAIN ENTRY--PERSONAL NAME
Personal name Brien, James A.O
245 #0 - TITLE STATEMENT
Title Management Information Systems: managing information technology in the e-business enterprise
250 ## - EDITION STATEMENT
Edition statement 5th ed.
260 ## - PUBLICATION, DISTRIBUTION, ETC.
Place of publication, distribution, etc. New York:
Name of publisher, distributor, etc. McGrew Hill,
Date of publication, distribution, etc. 2002.
300 ## - PHYSICAL DESCRIPTION
Extent xxvii,530p.
600 ## - SUBJECT ADDED ENTRY--PERSONAL NAME
Personal name Management
650 ## - SUBJECT ADDED ENTRY--TOPICAL TERM
Topical term or geographic name entry element Management
942 ## - ADDED ENTRY ELEMENTS (KOHA)
Koha item type Book Bank Data
Holdings
Withdrawn status Lost status Damaged status Not for loan Collection Home library Current library Date acquired Source of acquisition Cost, normal purchase price Total checkouts Barcode Date last seen Price effective from Koha item type
        BB-Management & Social Sciences UITU Library UITU Library 09/08/2005 F.B.C 61.00   BB1171 11/15/2024   Book Bank Data

Powered by Koha